000 00722nam a22002057a 4500
005 20251108164645.0
008 250721s1984 xx 000 0 ara d
082 1 4 _a517.38/دير
100 1 _aديرك، وليم . ر
_eمؤلف
245 1 0 _aمبادئ المعادلات التفاضلية و تطبيقاتها :
_bمساق موجز /
264 1 _aعمان :
_bمجمع اللغة العربية،
_c1984.
300 _a725ص.
650 1 7 _aحساب التفاضل
650 1 7 _aحساب التكامل
650 1 7 _aالمعادلات التفاضلية
700 1 _aغروسمان، ستانلي
_eمؤلف
700 1 _aسعيدان، أحمد سليم
_eترجمة
942 _2ddc
_cBK
999 _c11080
_d11080